000 00657657na22002171934500
003 CO-ViMGA
005 20230915233558.0
008 180308b ||||| |||| 00| 0 eng d
020 _a9789585748880
040 _aCO-ViMGA
_bspa
_cCO-ViMGA
082 0 4 _a371.3 L66e
100 1 _aLópez Herrerías, José Ángel
_912103
245 1 0 _aEnseñar y aprender competencias /
_bJosé Ángel López Herrerías
250 _aEdición especial
260 _aBogotá :
_bIntermilenio,
_c2017
300 _a173 páginas ;
_b22 cm
650 1 4 _2Educación Por Competencias
650 1 4 _2Innovaciones Educativas
650 1 4 _2Métodos De Enseñanza
942 _2ddc
_cBK
999 _c8456
_d8456